[Event "GRE-ch U14 Girls"]
[Site "Thessaloniki"]
[Date "2022.08.22"]
[Round "5"]
[White "Skoumpoti, Georgia"]
[Black "Mavreli, Symela Maria"]
[Result "1/2-1/2"]
[WhiteElo "1054"]
[BlackElo "1017"]
[PlyCount "101"]
[EventDate "2022.08.18"]
[EventType "swiss"]
[EventRounds "7"]
[EventCountry "GRE"]
[SourceTitle "EXT 2024"]
[Source "ChessBase"]
[SourceDate "2023.10.10"]
[SourceVersion "1"]
[SourceVersionDate "2023.10.10"]
[SourceQuality "1"]

1. e4 e6 2. Nc3 d5 3. d4 dxe4 4. Nxe4 Nd7 5. Nf3 h6 6. Bd3 Ngf6 7. Ng3 Be7 8. c3 0-0 9. 0-0 b6 10. Bc2 Bb7 11. Re1 c5 12. Be4 Bxe4 13. Nxe4 Nxe4 14. Rxe4 Nf6 15. Re1 Qc7 16. b3 Rad8 17. Ba3 cxd4 18. Bxe7 Qxe7 19. cxd4 Rc8 20. Qd2 Rfd8 21. Rad1 Rd7 22. Qb2 Rcd8 23. Ne5 Rd6 24. Qc2 a5 25. Rc1 Qb7 26. Qc3 Nd5 27. Qc2 Nf4 28. f3 f6 29. Nc6 R8d7 30. b4 Rc7 31. b5 Nd5 32. a3 Ne7 33. Nxe7+ Rxe7 34. Qc3 Qd5 35. Rcd1 Qxb5 36. Qc8+ Kf7 37. Qb8 Qd5 38. Re2 Qc6 39. Red2 Rdd7 40. Qf4 Qc3 41. Rd3 Qc4 42. Qd2 a4 43. Rb1 Rd6 44. Rb4 Qc6 45. Rc3 Qa8 46. Rcc4 Qa5 47. Qb2 Rb7 48. Kf2 b5 49. Rc5 Rdb6 50. Qd2 Rd6 51. Qd3 1/2-1/2